Times table game Quiz Stats

 Plays Quiz not verified by Sporcle

Score 0/20 Timer 04:00
0 Plays Today
Hints answer % Correct
4 x 312
100%
9 x 981
97.9%
5 x 315
93.8%
12 x 12144
93.8%
5 x 525
93.8%
12 x 336
93.8%
11 x 666
93.8%
9 x 654
93.8%
20 x 20400
93.8%
11 x 11121
91.7%
Hints answer % Correct
7 x 856
91.7%
8 x 648
91.7%
12 x 896
89.6%
7 x 535
89.6%
4 x 832
89.6%
4 x 416
89.6%
12 x 10120
89.6%
4 x 11 44
89.6%
10 x 990
83.3%
3 x 39
20.8%

You're not logged in!

Compare scores with friends on all Sporcle quizzes.
OR
Log In

Show Comments

Extras

Created Nov 21, 2010ReportNominate
Tags:Board Games Quiz, table

Top Quizzes Today


Score Distribution

Your Account Isn't Verified!

In order to create a playlist on Sporcle, you need to verify the email address you used during registration. Go to your Sporcle Settings to finish the process.

Report this User

Report this user for behavior that violates our Community Guidelines.

Details: